000 01127na a2200229 4500
001 21841
003 MIRAKIL
005 20181213155236.0
008 170208b tu 000 0
040 _aMilas
_btur
_cTR-AnCHP
041 _atur
082 _a351.7222
_bİ15i 2008
090 _a351.7222 İ15i 2008
110 _aİçişleri Bakanlığı
245 _a2008 mali yılı merkezi yönetim bütçe kanunu tasarısı ile 2006 mali yılı merkezi yönetim kesinhesap kanunu tasarısının plan ve bütçe komisyonu görüşme tutanakları
260 _a[Ankara]
_b[yayl. y.]
_c2007
300 _a120 s.
_c23 sm.
505 _aİçişleri Bakanlığı, Emniyet Genel Müdürlüğü, Jandarma Genel Komutanlığı, Sahil Güvenlik Komutanlığı, Çevre ve Orman Bakanlığı, Devlet Su İşleri Genel Müdürlüğü, Özel Çevre Koruma Kurumu Başkanlığı, Orman Genel Müdürlüğü, Devlet Meteoroloji İşleri Genel Müdürlüğü
610 _aİçişleri Bakanlığı
_xBütçe Komisyonu
_yTutanaklar, 2008
610 _aÇevre ve Orman Bakanlığı
_xBütçe Komisyonu
_yTutanaklar, 2008
942 _2ddc
_cBKS
999 _c9137
_d9137